000 01027cam a2200253 4500
008 020325n2002 000 0 eng u
020 _a1904126030
035 _a(Sirsi) u117216
050 _a614.836
100 _aMarks, T.
245 _aElectricity at work and related regulated regulations
250 _a3rd ed.
260 _aNottingham
_bRadikal Phase
_c2002
300 _ax,183p.
_bill.
_c30cm.
350 _a25
520 _aAimed at facilities managers and others supervising personnel using electricity at work this guide outlines the requirements of the various regulations. Includes maintenance schedules which will assist in the drawing up of instructions and specifications for the checking of electrical equipment and systems by external contractors.
650 _aELECTRICAL APPLIANCES
650 _aELECTRICAL EQUIPMENT
650 _aELECTRICAL WIRING
650 _aELECTRICITY
650 _aELECTRICITY AT WORK REGULATIONS 1989
690 _aBUILT ENVIRONMENT-BUILDING STANDARDS
942 _n0
999 _c101959
_d101959